Pages/ (Record no. 201872)

MARC details
000 -LEADER
fixed length control field 00498nam a22001817a 4500
005 - DATE AND TIME OF LATEST TRANSACTION
control field 20240405122240.0
010 ## - LCCN (DPL NO)
LC control number ENG-140006
020 ## - INTERNATIONAL STANDARD BOOK NUMBER
International Standard Book Number 9788194405733
Terms of availability 300.00
035 ## - SYSTEM CONTROL NUMBER
System control number EN-123538
037 ## - SOURCE OF ACQUISITION
Source of stock number/acquisition DBAD/PUB
082 ## - DEWEY DECIMAL CLASSIFICATION NUMBER
Classification number 881
100 ## - MAIN ENTRY--PERSONAL NAME
Personal name Jena,Bidyut Bhusan
245 ## - TITLE STATEMENT
Title Pages/
Statement of responsibility, etc by Bidyut Bhusan Jena
260 ## - PUBLICATION, DISTRIBUTION, ETC. (IMPRINT)
Place of publication, distribution, etc Kolkata
Name of publisher, distributor, etc Writers Workshop
Date of publication, distribution, etc 2019
270 ## - ADDRESS
Address C-532,Lake Garden
City Kolkata
Postal code 700045
300 ## - PHYSICAL DESCRIPTION
Extent 102p.
Dimensions 22(Hb)
942 ## - ADDED ENTRY ELEMENTS (KOHA)
Item type English Books
Classification part 881
Source of classification or shelving scheme Dewey Decimal Classification
Call number suffix JEN
Holdings
Withdrawn status Lost status Not for loan Collection code Home library Current library Date acquired Source of acquisition Cost, normal purchase price Full call number Barcode Copy number Cost, replacement price Koha item type
      Non-fiction Bawana Bawana 02/04/2024 DBAD 300.00 881 JEN EN-123538 1 300.00 English Books

© Delhi Public Library
Hit Counter
free hit counter